000 00772cab a22002175a 4500
001 L143468
008 080207e20080509xxkad f s 000 0 eng d
035 _a(Sirsi) u143468
041 0 _aeng
100 1 _aWatson, Stuart
245 0 0 _aRegional report
_bEast Midlands
260 _c2008
490 0 _aProperty Week
_v73(19) 9 May 2008, 67-90(8)
520 _aReports on market news and deals from the region. Examines the progress of the Westfield shopping centre, Derby. Also looks at the redevelopment of Chesterfield and plans to develop Silverstone racing track.
590 _aKA
651 4 _aEast Midlands (England)
690 _aPROPERTY-COMMERCIAL PROPERTY-COMMERCIAL PROPERTY MARKET
700 1 _aGibson, Rupert
700 1 _aDuxbury, Nick
942 _n0
999 _c80195
_d80195